000 01730nam0a2200361 4500
001 RU\NLR\bibl\863362
005 20260405064654.0
010 _a5-85971-152-2
_93000
021 _aRU
_b2005-60267
_92957
035 _a(NLR Aleph) 000852032
090 _a1486123
_c1486123
100 _a20051031d2005 |||y0rusy50 ca
101 0 _arus
102 _aRU
105 _aa |||||||||
200 1 _aЦенообразование
_eучебное пособие по специальности "Маркетинг"
_fИ.Ю. Беляева, О.В. Панина, В.В. Головинский, О.Б. Авдиенко
_gФин. акад. при Правительстве Рос. Федерации
205 _aИзд. 2-е, доп.
210 _aМосква
_cКнорус
_d2005
215 _a169, [1] с.
_cсхем.
_d21
225 1 _aУчебное пособие
606 1 _aЦенообразование
_jУчебные издания для высших учебных заведений
_91274254
_3RU\NLR\auth\66207032
686 _aУ010.63я73
686 _aУ9(2)-861(2Р)я73
701 1 _4070
_8rus
_7ca
_aБеляева
_bИ. Ю.
_cд-р экон. наук
_gИрина Юрьевна
_3RU\NLR\auth\7722719
_95774
701 1 _4070
_aПанина
_bО. В.
_cканд. экон. наук
_gОльга Владимировна
_9197536
_3RU\NLR\AUTH\770197587
701 1 _4070
_8rus
_7ca
_aГоловинский
_bВ. В.
_cэкономист
_gВладимир Васильевич
_3RU\NLR\auth\7717645
_9731
701 1 _aАвдиенко
_bО. Б.
_gОльга Борисовна
_4070
801 0 _aRU
_bNLR
_c20051031
_grcr
801 1 _aRU
_bNLR
_c20051031
942 _cBOOK
980 _aNB